000 01717cam a22005774i 4500
003 PE-LiUPU
005 20250731170458.0
008 150616s1969 sp r 000 0 spa d
035 _a(Sirsi) a6361
040 _aPE-LiUPU
_bspa
_cPE-LiUPU
_erda
049 _aPRUA
082 0 4 _a103
_bR95
_221
100 1 _aRunes, Dagoberto D.,
_eautor.
245 1 0 _aDiccionario de Filosofía /
_cDagoberto D. Runes.
264 1 _aBarcelona :
_bEdiciones Grijalbo,
_c1969.
300 _a396 páginas ;
_c22 centímetros
336 _atext
_2rdacontent
337 _aunmediated
_2rdamedia
338 _avolume
_2rdacarrier
505 0 _aDiccionario de Filosofía.
526 _aSEG68
526 _aSEG70
526 _aSEG69
526 _aSEG67
526 _aSEG43
526 _aP144
526 _aP143
526 _aP131
526 _aP122
526 _aP120
526 _aP117
526 _aP112
526 _aP110
526 _aP106
526 _aP101
526 _aP80
526 _aP59
526 _aP54
526 _aP35
526 _aP33
526 _aP30
650 0 4 _aFilosofía
_vDiccionarios.
910 _ajck
_bjvq
_cjck
910 _bksl
_cksl
_d20190424
942 _2ddc
_cBOOK
949 _a103 R95
_wDEWEY
_c1
_i39575
_lCCODEBUL1
_mBUL
_p32.00
_r0
_sY
_tBOOK
_u19950927
_xTEOLOGIA
_zUNKNOWN
_0COMPRA
_o.STAFF. Colección Ciencias Humanas y Educación
994 _aC0
_bPEPRU
596 _a1
999 _a103 R95
_wDEWEY
_c57486
_i39575
_d57486
_e2016-9-16
_f2021-11-4
_g7
_lCCODEBUL1
_mBUL
_n1
_p32.00
_r0
_sY
_tBOOK
_u2015-6-16
_xBIBLIOTECA
_zUNKNOWN
_0COMPRA
_o.STAFF. Colección Ciencias Humanas y Educación
980 _81
_gALBERTO SANCHEZ Responsable de Automatización